[Event "IX Open Vallee d'Aoste A"]
[Site "Saint Vincent - Chatillon ITA"]
[Date "2001.02.05"]
[Round "3"]
[White "Chatalbashev, Boris"]
[Black "Nevednichy, Vladislav"]
[Result "0-1"]
[WhiteElo "2509"]
[BlackElo "2563"]
[PlyCount "96"]
[EventDate "2001.02.03"]

1. d4 Nf6 2. Nf3 g6 3. Nc3 Bg7 4. e4 d6 5. Be2 O-O 6. O-O Bg4 7. Be3 Nc6 8. d5
Nb8 9. a4 a5 10. Nd2 Bxe2 11. Qxe2 c6 12. Nc4 Nbd7 13. Rad1 Qb8 14. Bd4 Nh5 15.
Bxg7 Nxg7 16. f4 Qa7+ 17. Kh1 Nb6 18. Ne3 Qa6 19. Rd3 Nd7 20. Qf2 Nc5 21. Rdd1
Qb6 22. Nc4 Qa6 23. Nd2 f6 24. Nf3 Rae8 25. Nd4 e5 26. dxe6 Ncxe6 27. Nb3 f5
28. Rxd6 fxe4 29. Qe2 Qxe2 30. Nxe2 Nf5 31. Rd7 Ne3 32. Rc1 Nxf4 33. Nxf4 Rxf4
34. Rxb7 Nxc2 35. h3 e3 36. Rxc2 e2 37. Rxe2 Rxe2 38. Nxa5 Rf1+ 39. Kh2 Rff2
40. Nc4 Rxg2+ 41. Kh1 Rh2+ 42. Kg1 Reg2+ 43. Kf1 Rc2 44. Kg1 Rxh3 45. Ne5 Re3
46. Rb8+ Kg7 47. Rb7+ Kf8 48. Nd7+ Ke8 0-1

[Event "IX Open Vallee d'Aoste A"]
[Site "Saint Vincent - Chatillon ITA"]
[Date "2001.02.05"]
[Round "3"]
[White "Efimov, Igor"]
[Black "Socko, Bartosz"]
[Result "1-0"]
[WhiteElo "2480"]
[BlackElo "2557"]
[PlyCount "81"]
[EventDate "2001.02.03"]

1. d4 Nf6 2. Nf3 g6 3. c4 Bg7 4. g3 O-O 5. Bg2 d6 6. O-O a6 7. Nc3 Nc6 8. h3
Bd7 9. e4 e5 10. dxe5 dxe5 11. Re1 h6 12. Nd5 Be6 13. b4 Nd7 14. Bb2 Ne7 15.
Qe2 c6 16. Rad1 cxd5 17. cxd5 Qb6 18. Nd2 Qxb4 19. Nc4 Nb6 20. Nxb6 Qxb6 21.
Ba3 Rfe8 22. Rb1 Qa7 23. dxe6 fxe6 24. Qg4 Kh7 25. Qxe6 b5 26. Rbd1 Nf5 27.
exf5 Rxe6 28. fxe6 Re8 29. Rd7 Qb6 30. Rc1 b4 31. Rcc7 Qxc7 32. Rxc7 bxa3 33.
Bd5 Kh8 34. Rf7 Bf8 35. Bc6 Rxe6 36. Rxf8+ Kg7 37. Rc8 Rd6 38. Be4 Rd4 39. Rc7+
Kf6 40. Rc6+ Ke7 41. Bxg6 1-0

[Event "IX Open Vallee d'Aoste A"]
[Site "Saint Vincent - Chatillon ITA"]
[Date "2001.02.05"]
[Round "3"]
[White "Epishin, Vladimir V."]
[Black "Cebalo, Miso"]
[Result "1/2-1/2"]
[WhiteElo "2578"]
[BlackElo "2483"]
[PlyCount "126"]
[EventDate "2001.02.03"]

1. d4 Nf6 2. c4 e6 3. Nc3 Bb4 4. e3 b6 5. Nge2 c5 6. a3 Ba5 7. Rb1 Na6 8. Bd2
O-O 9. Ng3 Bb7 10. Bd3 d5 11. cxd5 cxd4 12. exd4 Bxc3 13. bxc3 Qxd5 14. f3 Nc7
15. Ne4 Qd8 16. O-O h6 17. Qe2 Rc8 18. Rbd1 Nfe8 19. Kh1 f5 20. Ng3 b5 21. Nh5
a6 22. a4 Bc6 23. Nf4 Rf6 24. axb5 axb5 25. c4 bxc4 26. Bxc4 Qd7 27. Nd3 Bd5
28. Ne5 Bxc4 29. Qxc4 Qd5 30. Qc5 Qxc5 31. dxc5 Nd5 32. c6 Nd6 33. Rc1 f4 34.
Rfe1 Rf5 35. Kg1 Nf7 36. Nd3 Nd8 37. c7 Rxc7 38. Rxc7 Nxc7 39. Bxf4 Rd5 40. Ne5
Nb5 41. h4 Nd4 42. Kf2 Rc5 43. Rd1 N8c6 44. Nxc6 Nxc6 45. Rd7 Ne5 46. Rd8+ Kf7
47. Kg3 Ke7 48. Ra8 Rd5 49. Ra7+ Nd7 50. Bc1 Kf7 51. Bb2 h5 52. Kh3 g6 53. Bc1
e5 54. Bg5 Rd3 55. Kh2 Rd4 56. Kg3 Ke6 57. Ra6+ Rd6 58. Ra8 Kf7 59. Rd8 Rd4 60.
Kf2 Nf8 61. Ra8 Rd7 62. Ra5 Ke6 63. Ke2 Nh7 1/2-1/2

[Event "IX Open Vallee d'Aoste A"]
[Site "Saint Vincent - Chatillon ITA"]
[Date "2001.02.05"]
[Round "3"]
[White "Godena, Michele"]
[Black "Genocchio, Daniele"]
[Result "1/2-1/2"]
[WhiteElo "2494"]
[BlackElo "2278"]
[PlyCount "33"]
[EventDate "2001.02.03"]

1. e4 e6 2. d4 d5 3. Nd2 dxe4 4. Nxe4 Nd7 5. g3 Be7 6. Bg2 Ngf6 7. Ne2 Nxe4 8.
Bxe4 O-O 9. O-O e5 10. c3 c6 11. Qc2 h6 12. Re1 Bd6 13. Bg2 Qa5 14. Be3 exd4
15. Bxd4 Qh5 16. Rad1 Bc7 17. Qe4 1/2-1/2

[Event "IX Open Vallee d'Aoste A"]
[Site "Saint Vincent - Chatillon ITA"]
[Date "2001.02.05"]
[Round "3"]
[White "Lagrotteria, Salvatore"]
[Black "Ortega, Lexy"]
[Result "0-1"]
[WhiteElo "2201"]
[BlackElo "2472"]
[PlyCount "54"]
[EventDate "2001.02.03"]

1. d4 Nf6 2. c4 e6 3. Nf3 c5 4. Nc3 cxd4 5. Nxd4 Nc6 6. Nxc6 bxc6 7. g3 h5 8.
Bg2 h4 9. Be3 Ng4 10. Qd4 Nxe3 11. Qxe3 Qa5 12. g4 Rb8 13. O-O Rxb2 14. Kh1 Be7
15. f4 Rc2 16. Rac1 Rxc1 17. Qxc1 O-O 18. g5 Ba6 19. Rf3 d5 20. f5 exf5 21. Qf4
Qd8 22. cxd5 cxd5 23. Qxf5 Bxg5 24. Nxd5 Bxe2 25. Rc3 Re8 26. Rc7 Bh5 27. Be4
Bg6 0-1

[Event "IX Open Vallee d'Aoste A"]
[Site "Saint Vincent - Chatillon ITA"]
[Date "2001.02.05"]
[Round "3"]
[White "Lalic, Bogdan"]
[Black "Contin, Daniel"]
[Result "1-0"]
[WhiteElo "2536"]
[BlackElo "2388"]
[PlyCount "77"]
[EventDate "2001.02.03"]

1. d4 Nf6 2. c4 c5 3. d5 e5 4. Nc3 d6 5. e4 Nbd7 6. g3 a6 7. a4 Be7 8. h4 h5 9.
Bh3 Rb8 10. Bd2 g6 11. Kf1 Bf8 12. Nf3 Bh6 13. Ng5 Bg7 14. Kg2 Nh7 15. Rb1 Nxg5
16. Bxg5 Qb6 17. b3 Nf6 18. Bxc8 Rxc8 19. f3 Ng8 20. Be3 Bh6 21. Bf2 Qa5 22.
Na2 b5 23. cxb5 axb5 24. b4 cxb4 25. Rxb4 bxa4 26. Rxa4 Qb5 27. Rb4 Qa6 28. Qb3
Ne7 29. Rb6 Qc4 30. Rb1 O-O 31. Rxd6 Qe2 32. Rb2 Bd2 33. Rd7 Rfe8 34. Rb7 Nf5
35. exf5 e4 36. d6 Rc4 37. Re7 exf3+ 38. Qxf3 Rxe7 39. dxe7 1-0

[Event "IX Open Vallee d'Aoste A"]
[Site "Saint Vincent - Chatillon ITA"]
[Date "2001.02.05"]
[Round "3"]
[White "Polak, Tomas"]
[Black "Masserey, Yvan"]
[Result "1-0"]
[WhiteElo "2505"]
[BlackElo "2349"]
[PlyCount "45"]
[EventDate "2001.02.03"]

1. d4 e6 2. c4 Bb4+ 3. Bd2 a5 4. Nf3 d6 5. g3 Nc6 6. Bg2 e5 7. O-O Nxd4 8. Nxd4
exd4 9. Bxb4 axb4 10. Qxd4 Qf6 11. Qd2 c5 12. Rd1 Ra6 13. Qc2 Ne7 14. Nd2 O-O
15. a3 bxa3 16. Rxa3 Rxa3 17. bxa3 Qe5 18. Ne4 Nc6 19. Rxd6 Qa1+ 20. Qd1 Qxa3
21. e3 Be6 22. Ng5 Bxc4 23. Qc2 1-0

[Event "IX Open Vallee d'Aoste A"]
[Site "Saint Vincent - Chatillon ITA"]
[Date "2001.02.05"]
[Round "3"]
[White "Romanishin, Oleg M."]
[Black "Peralta, Fernando"]
[Result "1/2-1/2"]
[WhiteElo "2559"]
[BlackElo "2408"]
[PlyCount "87"]
[EventDate "2001.02.03"]

1. Nf3 f5 2. d4 e6 3. g3 Nf6 4. Bg2 d5 5. Bf4 Be7 6. O-O O-O 7. c4 c6 8. Nbd2
Qe8 9. Rc1 Qh5 10. e3 Nbd7 11. Ne5 g5 12. Nxd7 Bxd7 13. Qxh5 Nxh5 14. Be5 Nf6
15. f3 Be8 16. a3 Bg6 17. Rc3 Nd7 18. f4 Bh5 19. Bf3 Bxf3 20. Nxf3 g4 21. Nd2
Rf7 22. b4 a6 23. c5 Rff8 24. Rb1 Ra7 25. Nb3 Kf7 26. Nc1 h5 27. Nd3 Nf6 28.
Bxf6 Bxf6 29. a4 Ke7 30. Rcb3 Kd7 31. Kg2 Rh8 32. Rh1 Raa8 33. h4 Ra7 34. Rhb1
Rha8 35. R1b2 Rb8 36. b5 axb5 37. axb5 Rc8 38. Kf2 Bg7 39. Nc1 Bf6 40. Ne2 Bd8
41. Nc3 Rca8 42. Ne2 Ra1 43. Rb1 Rxb1 44. Rxb1 1/2-1/2

[Event "IX Open Vallee d'Aoste A"]
[Site "Saint Vincent - Chatillon ITA"]
[Date "2001.02.05"]
[Round "3"]
[White "Rytshagov, Mikhail"]
[Black "Ripari, Marcelo"]
[Result "1-0"]
[WhiteElo "2525"]
[BlackElo "2301"]
[PlyCount "61"]
[EventDate "2001.02.03"]

1. e4 c5 2. Nf3 Nc6 3. d4 cxd4 4. Nxd4 Nf6 5. Nc3 e5 6. Ndb5 d6 7. Bg5 a6 8.
Na3 b5 9. Bxf6 gxf6 10. Nd5 f5 11. Bxb5 axb5 12. Nxb5 Ra4 13. b4 Rxb4 14. Nbc7+
Kd7 15. O-O Qxc7 16. Nxc7 Kxc7 17. Qh5 Rxe4 18. Qxf7+ Be7 19. Rfb1 Rf8 20. Qb3
Rb4 21. Qd5 Rxb1+ 22. Rxb1 Bd7 23. a4 Ra8 24. Qc4 h5 25. g3 Ra5 26. Rb5 d5 27.
Rxd5 Be6 28. Qxc6+ Kxc6 29. Rxa5 Bc5 30. Ra6+ Kd5 31. c4+ 1-0

[Event "IX Open Vallee d'Aoste A"]
[Site "Saint Vincent - Chatillon ITA"]
[Date "2001.02.05"]
[Round "3"]
[White "Volzhin, Alexander"]
[Black "Lanzani, Mario"]
[Result "1-0"]
[WhiteElo "2542"]
[BlackElo "2399"]
[PlyCount "65"]
[EventDate "2001.02.03"]

1. e4 c5 2. Nf3 Nc6 3. Bb5 e6 4. O-O Nge7 5. b3 a6 6. Bxc6 Nxc6 7. Bb2 d6 8. d4
cxd4 9. Nxd4 Qf6 10. c4 Be7 11. Qd2 Qg6 12. Nxc6 bxc6 13. e5 d5 14. Ba3 Bxa3
15. Nxa3 O-O 16. Rac1 Bd7 17. Rfe1 a5 18. Nc2 c5 19. cxd5 exd5 20. Ne3 d4 21.
Nd5 Rfe8 22. Rxc5 Rad8 23. Qxd4 a4 24. bxa4 Bc6 25. Rec1 Qe6 26. Rxc6 Qxd5 27.
Qxd5 Rxd5 28. f4 g5 29. Rc8 Rxc8 30. Rxc8+ Kg7 31. fxg5 Rxe5 32. Rc3 Kg6 33.
Ra3 1-0

[Event "IX Open Vallee d'Aoste A"]
[Site "Saint Vincent - Chatillon ITA"]
[Date "2001.02.05"]
[Round "3"]
[White "Zinani, Alessandro"]
[Black "Palac, Mladen"]
[Result "0-1"]
[WhiteElo "2201"]
[BlackElo "2590"]
[PlyCount "80"]
[EventDate "2001.02.03"]

1. d4 Nf6 2. Nf3 g6 3. Bg5 Bg7 4. Nbd2 O-O 5. e3 d6 6. Bc4 Qe8 7. O-O h6 8. Bh4
e5 9. dxe5 dxe5 10. e4 Nh5 11. Bb3 Na6 12. c3 Nc5 13. Bc2 Bd7 14. a4 a5 15. b3
Bc6 16. Re1 Nf4 17. Nc4 Qe6 18. Qb1 Nxa4 19. bxa4 Qxc4 20. Bb3 Qc5 21. Re3 b5
22. Qa2 bxa4 23. Bxa4 Bxa4 24. Qxa4 Rfb8 25. Bg3 Rb2 26. Rae1 h5 27. h4 Bh6 28.
Qd7 a4 29. Ng5 Bxg5 30. hxg5 a3 31. Ra1 a2 32. Ree1 Ne2+ 33. Kh2 Nxg3 34. fxg3
Qxc3 35. Rf1 Rf8 36. Rad1 Qc2 37. Rg1 Rb1 38. Rgf1 Rxd1 39. Qxd1 Qxd1 40. Rxd1
Rb8 0-1

[Event "IX Open Vallee d'Aoste A"]
[Site "Saint Vincent - Chatillon ITA"]
[Date "2001.02.06"]
[Round "4"]
[White "Arencibia Rodriguez, Walter"]
[Black "Efimov, Igor"]
[Result "0-1"]
[WhiteElo "2534"]
[BlackElo "2480"]
[PlyCount "52"]
[EventDate "2001.02.03"]

1. b3 e5 2. Bb2 Nc6 3. e3 Nf6 4. Bb5 Bd6 5. g4 O-O 6. Nc3 Bb4 7. g5 Bxc3 8.
dxc3 Ne4 9. h4 d5 10. Qf3 Nd6 11. Bxc6 bxc6 12. O-O-O a5 13. Ne2 a4 14. Ng3 Be6
15. Nh5 axb3 16. axb3 Ra2 17. Qg3 Nc4 18. bxc4 Qb8 19. Ba3 Bf5 20. Kd2 Qb3 21.
Rc1 Rxc2+ 22. Ke1 Qxc3+ 23. Kf1 Rxc1+ 24. Bxc1 Qxc1+ 25. Kg2 Qxc4 26. Nf6+ gxf6
0-1

[Event "IX Open Vallee d'Aoste A"]
[Site "Saint Vincent - Chatillon ITA"]
[Date "2001.02.06"]
[Round "4"]
[White "Cebalo, Miso"]
[Black "Lalic, Bogdan"]
[Result "1/2-1/2"]
[WhiteElo "2483"]
[BlackElo "2536"]
[PlyCount "63"]
[EventDate "2001.02.03"]

1. d4 e6 2. c4 d5 3. Nf3 Nf6 4. Nc3 c6 5. Bg5 dxc4 6. a4 Bb4 7. e4 Bxc3+ 8.
bxc3 Qa5 9. e5 Ne4 10. Bd2 Qd5 11. a5 Nd7 12. Qa4 b5 13. axb6 Nxb6 14. Qa3 c5
15. Be3 Bd7 16. dxc5 Na4 17. Rd1 Qb7 18. Bxc4 Qb2 19. Ra1 Qxa3 20. Rxa3 Nexc5
21. O-O O-O 22. Rd1 Nb2 23. Bxc5 Nxd1 24. Bxf8 Kxf8 25. Ba6 Rb8 26. Kf1 Nb2 27.
Ke2 Ke7 28. Nd4 f6 29. f4 Na4 30. Bd3 Rb2+ 31. Bc2 Ra2 32. Rxa2 1/2-1/2

[Event "IX Open Vallee d'Aoste A"]
[Site "Saint Vincent - Chatillon ITA"]
[Date "2001.02.06"]
[Round "4"]
[White "Drabke, Lorenz Maximilian"]
[Black "Del Rio Angelis, Salvador Gabriel"]
[Result "1/2-1/2"]
[WhiteElo "2286"]
[BlackElo "2472"]
[PlyCount "54"]
[EventDate "2001.02.03"]

1. e4 c5 2. Nf3 e6 3. c4 Nc6 4. Nc3 Nf6 5. Be2 d5 6. exd5 exd5 7. d4 Be6 8. Be3
dxc4 9. O-O cxd4 10. Nxd4 Nxd4 11. Bxd4 Be7 12. Qa4+ Qd7 13. Qxd7+ Nxd7 14. Nb5
O-O-O 15. Nxa7+ Kb8 16. Rac1 Bf6 17. Nb5 Ne5 18. Rfd1 Nd3 19. Bxf6 gxf6 20.
Bxd3 cxd3 21. b3 Rhg8 22. f3 Rg5 23. Nc3 d2 24. Ra1 Bf5 25. Ne4 Bxe4 26. fxe4
Re5 27. Rab1 Rxe4 1/2-1/2

[Event "IX Open Vallee d'Aoste A"]
[Site "Saint Vincent - Chatillon ITA"]
[Date "2001.02.06"]
[Round "4"]
[White "Genocchio, Daniele"]
[Black "Felgaer Ziegler, Ruben"]
[Result "1-0"]
[WhiteElo "2278"]
[BlackElo "2420"]
[PlyCount "57"]
[EventDate "2001.02.03"]

1. d4 Nf6 2. Nf3 c5 3. dxc5 e6 4. c4 Bxc5 5. Nc3 O-O 6. e3 a6 7. Be2 Qc7 8. O-O
b6 9. Na4 Be7 10. Qd4 Bd8 11. b3 Nc6 12. Qh4 Bb7 13. Ba3 Re8 14. Nc3 Ne7 15.
Rac1 Rc8 16. Rfd1 Qb8 17. Bd6 Qa8 18. Nd4 b5 19. cxb5 Rxc3 20. Rxc3 Ne4 21.
bxa6 Bd5 22. Bd3 Ng6 23. Qxe4 Bxe4 24. Bxe4 Qxe4 25. Rc8 Nh4 26. Nf3 Nxf3+ 27.
gxf3 Qxf3 28. Rdc1 Qg4+ 29. Bg3 1-0

[Event "IX Open Vallee d'Aoste A"]
[Site "Saint Vincent - Chatillon ITA"]
[Date "2001.02.06"]
[Round "4"]
[White "Gleizerov, Evgeny"]
[Black "Skripchenko Lautier, Almira"]
[Result "1/2-1/2"]
[WhiteElo "2586"]
[BlackElo "2453"]
[PlyCount "33"]
[EventDate "2001.02.03"]

1. d4 d5 2. c4 dxc4 3. e3 e6 4. Bxc4 Nf6 5. Nf3 c5 6. O-O a6 7. Bb3 b5 8. a4 b4
9. Nbd2 cxd4 10. e4 Be7 11. e5 Nfd7 12. Nc4 Nc6 13. Bg5 O-O 14. Bxe7 Qxe7 15.
Rc1 Bb7 16. Bc2 Rab8 17. Nxd4 1/2-1/2

[Event "IX Open Vallee d'Aoste A"]
[Site "Saint Vincent - Chatillon ITA"]
[Date "2001.02.06"]
[Round "4"]
[White "Mantovani, Renzo"]
[Black "Romanishin, Oleg M."]
[Result "1-0"]
[WhiteElo "2391"]
[BlackElo "2559"]
[PlyCount "67"]
[EventDate "2001.02.03"]

1. e4 e5 2. Nf3 Nc6 3. Nc3 Nf6 4. d4 exd4 5. Nxd4 Bb4 6. Nxc6 bxc6 7. Bd3 d5 8.
exd5 cxd5 9. O-O O-O 10. Bg5 c6 11. Na4 h6 12. Bh4 Be6 13. c3 Be7 14. b4 Nd7
15. Bxe7 Qxe7 16. Re1 Qf6 17. Ba6 Rab8 18. a3 Nb6 19. Rc1 Rbd8 20. Nc5 d4 21.
Nxe6 fxe6 22. Qe2 dxc3 23. Qxe6+ Qxe6 24. Rxe6 Rd2 25. Rxc3 Rfxf2 26. Rg3 Rf5
27. h3 c5 28. Bd3 Rg5 29. Rxg5 hxg5 30. Bg6 Nd7 31. Re8+ Nf8 32. bxc5 Rd7 33.
Rc8 Re7 34. c6 1-0

[Event "IX Open Vallee d'Aoste A"]
[Site "Saint Vincent - Chatillon ITA"]
[Date "2001.02.06"]
[Round "4"]
[White "Ortega, Lexy"]
[Black "Moreda, Lucas"]
[Result "1-0"]
[WhiteElo "2472"]
[BlackElo "2309"]
[PlyCount "75"]
[EventDate "2001.02.03"]

1. d4 d5 2. Nf3 Nc6 3. Bf4 Bg4 4. e3 Nf6 5. Be2 Nh5 6. Be5 e6 7. h3 Bxf3 8.
Bxf3 Nf6 9. Bxf6 gxf6 10. c4 dxc4 11. Qa4 Qd7 12. Nc3 Nb4 13. Bxb7 Qxa4 14.
Nxa4 Rb8 15. Be4 f5 16. Bb1 f4 17. Ke2 fxe3 18. fxe3 h5 19. Be4 f5 20. Bf3 Nd5
21. Rhc1 Rb4 22. b3 Bh6 23. Rxc4 Rxc4 24. bxc4 Nxe3 25. Rb1 O-O 26. Nc5 Nxc4
27. Rb7 c6 28. Bxh5 Nd6 29. Rxa7 Ne4 30. Nxe6 Rb8 31. Bf7+ Kh7 32. Kd3 Bc1 33.
g4 Nf2+ 34. Kc2 fxg4 35. hxg4 Be3 36. g5 Ne4 37. g6+ Kh6 38. Ra3 1-0

[Event "IX Open Vallee d'Aoste A"]
[Site "Saint Vincent - Chatillon ITA"]
[Date "2001.02.06"]
[Round "4"]
[White "Paragua, Mark"]
[Black "Martorelli, Antonio"]
[Result "1-0"]
[WhiteElo "2432"]
[BlackElo "2315"]
[PlyCount "61"]
[EventDate "2001.02.03"]

1. e4 c5 2. Nf3 e6 3. d3 d5 4. Qe2 Nf6 5. g3 Nc6 6. Bg2 Be7 7. O-O O-O 8. e5
Nd7 9. c4 dxc4 10. dxc4 b6 11. Nc3 Bb7 12. Rd1 Qc8 13. h4 Rd8 14. Bf4 Nf8 15.
h5 Nd4 16. Nxd4 Bxg2 17. Kxg2 cxd4 18. Ne4 d3 19. Qg4 Kh8 20. h6 Ng6 21. hxg7+
Kxg7 22. Nf6 Qc5 23. Rh1 Bxf6 24. exf6+ Kxf6 25. Rxh7 Rd7 26. Qf3 Nxf4+ 27.
Qxf4+ Qf5 28. Qh4+ Qg5 29. Rh6+ Kf5 30. Rh5 Rg8 31. Qf4+ 1-0

[Event "IX Open Vallee d'Aoste A"]
[Site "Saint Vincent - Chatillon ITA"]
[Date "2001.02.06"]
[Round "4"]
[White "Peralta, Fernando"]
[Black "Rytshagov, Mikhail"]
[Result "1/2-1/2"]
[WhiteElo "2408"]
[BlackElo "2525"]
[PlyCount "75"]
[EventDate "2001.02.03"]

1. Nf3 c5 2. c4 Nc6 3. Nc3 e5 4. e3 Nf6 5. a3 Be7 6. d4 cxd4 7. exd4 exd4 8.
Nxd4 O-O 9. Nc2 b6 10. Be2 Bb7 11. O-O Rc8 12. Bf4 Re8 13. Ne3 Bc5 14. Re1 Ne5
15. Ned5 Nxd5 16. Nxd5 Bxd5 17. Qxd5 Qf6 18. Bg3 a5 19. Rad1 Re6 20. Qd2 Qe7
21. Bf1 Re8 22. Rxe5 Rxe5 23. Bxe5 Qxe5 24. Qxd7 Bxf2+ 25. Kh1 Bc5 26. g3 g6
27. Bg2 Qe2 28. Rf1 Re7 29. Qd8+ Kg7 30. b4 axb4 31. axb4 Bxb4 32. Qd4+ Qe5 33.
Qxb6 Bc5 34. Qc6 h5 35. Qd5 Qe3 36. Qf3 Qe5 37. Qd5 Qe3 38. Qf3 1/2-1/2

[Event "IX Open Vallee d'Aoste A"]
[Site "Saint Vincent - Chatillon ITA"]
[Date "2001.02.06"]
[Round "4"]
[White "Rogers, Ian"]
[Black "Fominyh, Alexander"]
[Result "1-0"]
[WhiteElo "2529"]
[BlackElo "2582"]
[PlyCount "77"]
[EventDate "2001.02.03"]

1. e4 c5 2. Nf3 e6 3. b3 d6 4. Bb2 Nf6 5. Qe2 Nc6 6. g3 e5 7. Bg2 g6 8. O-O Bg7
9. d3 O-O 10. Nbd2 Re8 11. c3 d5 12. a3 a5 13. a4 h6 14. Rfe1 b6 15. exd5 Nxd5
16. Nc4 Bf5 17. Nfd2 Be6 18. Ne4 Re7 19. Ned6 Rb8 20. Nb5 Kh7 21. Rad1 Qd7 22.
Qf1 Bg4 23. Rd2 f5 24. h3 Bh5 25. Kh2 Re6 26. Bxd5 Qxd5 27. Nc7 Qd7 28. Nxe6
Qxe6 29. f3 g5 30. d4 Rd8 31. Qf2 cxd4 32. cxd4 Nb4 33. dxe5 Nd3 34. Qxb6 Qxb6
35. Nxb6 Bxf3 36. Re3 Be4 37. Nc4 Rd5 38. e6 Nxb2 39. Rxe4 1-0

[Event "IX Open Vallee d'Aoste A"]
[Site "Saint Vincent - Chatillon ITA"]
[Date "2001.02.06"]
[Round "4"]
[White "Rossi, Carlo"]
[Black "Castaldo, Folco"]
[Result "1-0"]
[WhiteElo "2418"]
[BlackElo "2298"]
[PlyCount "45"]
[EventDate "2001.02.03"]

1. e4 e6 2. Bb5 c6 3. Ba4 d5 4. d4 Nf6 5. e5 Nfd7 6. Nf3 c5 7. O-O Nc6 8. c4
Nb6 9. cxd5 Nxd5 10. Nc3 Be7 11. Qe2 O-O 12. dxc5 Qa5 13. Bc2 Nxc3 14. bxc3
Qxc3 15. Rb1 Nd4 16. Nxd4 Qxd4 17. Rb3 f5 18. exf6 Qxf6 19. Bb2 Qf7 20. Rh3 h6
21. Rg3 g5 22. Rf3 Qe8 23. Qe5 1-0

[Event "IX Open Vallee d'Aoste A"]
[Site "Saint Vincent - Chatillon ITA"]
[Date "2001.02.06"]
[Round "4"]
[White "Sermek, Drazen"]
[Black "Epishin, Vladimir V."]
[Result "1/2-1/2"]
[WhiteElo "2515"]
[BlackElo "2578"]
[PlyCount "27"]
[EventDate "2001.02.03"]

1. e4 c6 2. d4 d5 3. exd5 cxd5 4. c4 Nf6 5. Nc3 e6 6. Nf3 Bb4 7. cxd5 Nxd5 8.
Bd2 O-O 9. Bd3 Nc6 10. O-O Be7 11. a3 Bf6 12. Qc2 g6 13. Bh6 Bg7 14. Bxg7
1/2-1/2

[Event "IX Open Vallee d'Aoste A"]
[Site "Saint Vincent - Chatillon ITA"]
[Date "2001.02.06"]
[Round "4"]
[White "Zelcic, Robert"]
[Black "Vera Gonzalez-Quevedo, Reynaldo"]
[Result "1/2-1/2"]
[WhiteElo "2500"]
[BlackElo "2562"]
[PlyCount "90"]
[EventDate "2001.02.03"]

1. e4 c5 2. Nf3 d6 3. d4 cxd4 4. Qxd4 a6 5. c4 Nc6 6. Qd1 g6 7. Be2 Bg7 8. O-O
Nf6 9. Nc3 O-O 10. h3 Bd7 11. Be3 Rb8 12. Nd2 Ne8 13. Nb3 b5 14. cxb5 axb5 15.
Bxb5 Bxc3 16. Bxc6 Bxc6 17. bxc3 Nf6 18. f3 Qc7 19. Nd4 Rfc8 20. Qd2 Be8 21.
Rfc1 Nd7 22. c4 Ne5 23. Rc3 Rb4 24. Rac1 Rxc4 25. Rxc4 Nxc4 26. Qb4 Bd7 27. Bf2
e5 28. Nb3 Be6 29. Nd2 d5 30. exd5 Bxd5 31. a4 Qc6 32. a5 f5 33. Bb6 Qe6 34.
Nxc4 Rxc4 35. Rxc4 Bxc4 36. Bc7 e4 37. Bd6 g5 38. fxe4 Qxe4 39. Qb8+ Kf7 40.
Qc7+ Ke6 41. Qe7+ Kd5 42. Qd8 Ke6 43. Bc7 f4 44. Kh2 Qd3 45. Qxg5 Qg3+ 1/2-1/2

[Event "IX Open Vallee d'Aoste A"]
[Site "Saint Vincent - Chatillon ITA"]
[Date "2001.02.07"]
[Round "5"]
[White "Arakhamia-Grant, Ketevan"]
[Black "Timoscenko, Gennadij A."]
[Result "0-1"]
[WhiteElo "2427"]
[BlackElo "2535"]
[PlyCount "80"]
[EventDate "2001.02.03"]

1. e4 e5 2. Nf3 Nc6 3. Bb5 Nf6 4. d3 d6 5. c3 g6 6. Nbd2 Bg7 7. Nf1 Bd7 8. Ne3
O-O 9. a4 Ng4 10. Nd5 Ne7 11. Bg5 f6 12. Bc4 fxg5 13. Nxe7+ Kh8 14. Nxg6+ hxg6
15. h4 Nxf2 16. Kxf2 g4 17. h5 Bh6 18. hxg6 Qg5 19. Qe2 Kg7 20. Bf7 gxf3 21.
gxf3 Rh8 22. Rad1 Qf6 23. d4 Bf4 24. dxe5 Bxe5 25. Rdg1 Rh4 26. Rxh4 Qxh4+ 27.
Ke3 Qf4+ 28. Kd3 Rh8 29. Qe3 Rh3 30. Qxa7 Qxf3+ 31. Kc4 Qe2+ 32. Kb3 Rh2 33.
Rb1 Qc2+ 34. Ka2 Qxa4+ 35. Qxa4 Bxa4 36. Bd5 c6 37. Bf7 Bc2 38. Re1 Rh8 39. Ka3
Ra8+ 40. Kb4 Ra4# 0-1

[Event "IX Open Vallee d'Aoste A"]
[Site "Saint Vincent - Chatillon ITA"]
[Date "2001.02.07"]
[Round "5"]
[White "Belotti, Bruno"]
[Black "Drabke, Lorenz Maximilian"]
[Result "1/2-1/2"]
[WhiteElo "2440"]
[BlackElo "2286"]
[PlyCount "137"]
[EventDate "2001.02.03"]

1. e4 c5 2. Nc3 Nc6 3. Bb5 Nd4 4. Bc4 e6 5. Nf3 Nf6 6. O-O a6 7. d3 b5 8. Bb3
Nxb3 9. axb3 Bb7 10. e5 Nd5 11. Ne4 Be7 12. Bg5 f6 13. exf6 Nxf6 14. Bxf6 gxf6
15. Re1 O-O 16. d4 Rc8 17. Nxc5 Bxc5 18. dxc5 Rxc5 19. Re3 Qc7 20. c3 Rh5 21.
h3 Rf7 22. Qd4 Rg7 23. Ne1 Rhg5 24. f3 Rd5 25. Qxf6 Qc5 26. Qf4 e5 27. Qe4 Rd1
28. b4 Qc7 29. Rxd1 Bxe4 30. fxe4 Qb6 31. Kf2 Rg3 32. Rdd3 Rxe3 33. Rxe3 Kf7
34. Nf3 d6 35. Ke2 Qc6 36. Nd2 Ke6 37. Rd3 Qb6 38. Nf3 Qb7 39. Ke3 Qa7+ 40. Ke2
Qg7 41. Kf2 Qh6 42. Rd1 Ke7 43. Ra1 Qf4 44. Re1 Qf7 45. Re2 Qb3 46. Nh4 Ke6 47.
g4 Qd1 48. Nf5 Qh1 49. Rd2 Qh2+ 50. Ke1 Qg1+ 51. Ke2 Qg2+ 52. Kd3 Qf3+ 53. Ne3
Qxh3 54. Rf2 Qh1 55. Rf1 Qh2 56. b3 h6 57. Ra1 Qb2 58. Rh1 Kf7 59. Rxh6 Qb1+
60. Kd2 Qxe4 61. Rxd6 Qf3 62. g5 Ke7 63. Rf6 Qh1 64. Rh6 Qb1 65. Rxa6 Qb2+ 66.
Kd3 Qb1+ 67. Kd2 Qb2+ 68. Kd3 Qb1+ 69. Kd2 1/2-1/2

[Event "IX Open Vallee d'Aoste A"]
[Site "Saint Vincent - Chatillon ITA"]
[Date "2001.02.07"]
[Round "5"]
[White "Borgo, Giulio"]
[Black "Vujovic, Milorad"]
[Result "1-0"]
[WhiteElo "2408"]
[BlackElo "2269"]
[PlyCount "85"]
[EventDate "2001.02.03"]

1. Nf3 d5 2. d4 Bg4 3. Ne5 Be6 4. c4 f6 5. cxd5 Bxd5 6. Nf3 Nc6 7. e3 e5 8.
dxe5 fxe5 9. Nc3 Bb4 10. Bd2 Nge7 11. Nxd5 Qxd5 12. Bxb4 Nxb4 13. a3 Qxd1+ 14.
Rxd1 Nbc6 15. Bc4 h6 16. Ke2 a6 17. h4 g6 18. Be6 Rd8 19. h5 g5 20. Rxd8+ Nxd8
21. Bg4 Nec6 22. Rd1 Rh7 23. Bf5 Re7 24. Nh2 Kf8 25. Ng4 Kg7 26. Rd7 Nf7 27.
Rxe7 Nxe7 28. Be6 Nd6 29. Kd3 c5 30. f3 b5 31. b3 a5 32. e4 b4 33. a4 Nc6 34.
Bd5 Ne7 35. Nxe5 Nxd5 36. exd5 Kg8 37. Nc4 Nb7 38. Ke4 Kf7 39. Ke5 Ke7 40. d6+
Kd7 41. Kd5 Nd8 42. Ne5+ Ke8 43. Nd3 1-0

[Event "IX Open Vallee d'Aoste A"]
[Site "Saint Vincent - Chatillon ITA"]
[Date "2001.02.07"]
[Round "5"]
[White "Contin, Daniel"]
[Black "Socko, Bartosz"]
[Result "0-1"]
[WhiteElo "2388"]
[BlackElo "2557"]
[PlyCount "82"]
[EventDate "2001.02.03"]

1. c4 g6 2. Nc3 Bg7 3. g3 d6 4. Bg2 e5 5. b4 a5 6. b5 Ne7 7. Rb1 Nd7 8. Nf3 Nc5
9. d3 Bf5 10. Ng5 Qc8 11. Ba3 h6 12. Nge4 Nxe4 13. Nxe4 b6 14. g4 Bxg4 15. Bxd6
Nf5 16. h3 Bxe2 17. Qxe2 cxd6 18. h4 O-O 19. Bh3 Rd8 20. Nc3 Qb7 21. Nd5 Nd4
22. Qe4 Kh8 23. Rg1 Rab8 24. Kd1 h5 25. Rb2 Ne6 26. Bxe6 fxe6 27. Qxg6 exd5 28.
f3 dxc4 29. Qxh5+ Kg8 30. Rbg2 Rd7 31. Qg4 Rf8 32. Rg3 cxd3 33. h5 Qc7 34. R1g2
Rc8 35. Qg5 Qc3 36. h6 Qa1+ 37. Kd2 Qb2+ 38. Kd1 Qb1+ 39. Kd2 Rc2+ 40. Ke3 Qe1+
41. Kxd3 Rc3# 0-1